02717nam a2200409Ia 450000500170000000800410001702000150005804100080007308200190008110000310010024500760013125000220020730000400022949000240026965100650029365100630035865100790042194200120050026400580051233600270057033700330059733800280063004000350065899900150069395201330070895201340084195201330097595201320110895201340124095201310137495201390150595201300164495201350177495201330190995201320204295201330217420220316235541.0121119s2002 ck a gr 000 0 spa  a958360089X0 aspa04a986.11 bF14H41 aFals Borda, Orlandod1925-10aHistoria doble de la costa, 4 bretorno a la tierracOrlando Fals Borda aPrimera edición a234 páginasbilustracionesc20 cm0 aMaestros de la sede 4aCosta Atlántica (Colombia) xPolítica y gobierno 938719 4aCosta Atlántica (Colombia) xHistoria ySiglo XIX938720 4aCosta Atlántica (Colombia) x Vida social y costumbresySiglo XIX938721 2ddccBK aBogotá bEl ÁncorabBanco de la Repúblicac2002 atextobtxt2rdacontent asin mediaciónbn2rdamedia avolumenbnc2rdacarrier aCO-BoRNBPbspaerdacCO-BoRNBP c1331d1331 00102ddc40708GENaMEDORADObMEDORADOcGENd2023-01-30l0o 986.11 F14h4pDOR01086r2023-01-30 00:00:00tEj.1w2023-01-30yBK 00102ddc40708GENaMEGUAMALbMEGUAMALcGENd2023-04-21l0o986.11 F14h4pGUA003329r2023-04-21 00:00:00tEj.1w2023-04-21yBK 00102ddc40708GENaMEFTEORObMEFTEOROcGENd2023-05-23l0o986.11 F14h4pFo0000773r2023-05-23 00:00:00tEj.1w2023-05-23yBK 00102ddc40708GENaMESARAMAbMESARAMAcGENd2023-05-26l0o986.11 F14h4pSJA00047r2023-05-26 00:00:00tEj.1w2023-05-26yBK 00102ddc40708GENaMECABUYAbMECABUYAcGENd2023-11-22l0o986. 11 F14h4pCAB000928r2023-11-22 21:55:20tEj.1w2023-11-22yBK 00102ddc40708GENaMESMARTIbMESMARTIcGENd2024-04-17l0o986.11 F14h4pSM03404r2024-04-17 19:40:27tEj.1w2024-04-17yBK 00102ddc4070aMEVHERMObMEVHERMOd2024-06-13k986.11 F14h4 Ej.1l0o986.11pVIST 0001300r2024-06-13 15:05:12tEj.1w2024-06-13yBK 00102ddc40708GENaMECUMARAbMECUMARAcLITd2024-07-22l0o986.11F14h4pCUM1261r2024-07-22 10:32:46tEj.1w2024-07-22yBK 00102ddc40708GENaMEPLLERASbMEPLLERAScGENd2025-01-27l0o986.11 F14H4pPLL01854r2025-01-27 08:39:27tEj.1w2025-01-27yBK 00102ddc40708GENaMEACACIAbMEACACIAcGENd2025-07-07l0o986.11 F14h4pACA06703r2025-07-07 16:34:24tEj.1w2025-07-07yBK 00102ddc40708GENaMESGUARObMESGUAROcGENd2025-07-08l0o986.11 F14H4pSG03593r2025-07-08 07:52:48tEj.1w2025-07-08yBK 00102ddc40708GENaMEPLOPEZbMEPLOPEZcGENd2025-09-19l0o986.11 F14H4pPLZ03991r2025-09-19 14:14:24tEj.1w2025-09-19yBK